A "vasorrú bába" és mitikus rokonai

Elmentve itt :
Bibliográfiai részletek
Szerző: Solymossy Sándor
Dokumentumtípus: Cikk
Megjelent: 1927
Sorozat:Ethnographia - népélet : a Magyar Néprajzi Társaság közleményei
Kulcsszavak:Népmese - magyar - motívumkutatás - ősvallás, Mitológia - magyar, Folklór - magyar, Népmesetípusok - magyar
Tárgyszavak:
Online Access:http://misc.bibl.u-szeged.hu/61297
LEADER 00936nab a2200241 i 4500
001 misc61297
005 20241001150226.0
008 240227s1927 hu o 000 hun d
040 |a SZTE Miscellanea Repozitórium  |b hun 
041 |a hun 
100 1 |a Solymossy Sándor 
245 1 2 |a A "vasorrú bába" és mitikus rokonai  |h [elektronikus dokumentum] /  |c  Solymossy Sándor 
260 |c 1927 
300 |a 217-235  |c 25 cm 
300 |a [19] p.  |c 25 cm 
490 0 |a Ethnographia - népélet : a Magyar Néprajzi Társaság közleményei 
561 |a Németh Gyula hagyaték 
591 |a NOV 5664 
650 4 |a Bölcsészettudományok 
650 4 |a Történettudomány és régészet 
650 4 |a Nyelvek és irodalom 
695 |a Népmese - magyar - motívumkutatás - ősvallás, Mitológia - magyar, Folklór - magyar, Népmesetípusok - magyar 
856 4 0 |u http://misc.bibl.u-szeged.hu/61297/1/5664_nov.pdf  |z Dokumentum-elérés